Szczegóły MARC21

Słownik angielskich idiomów i utartych zwrotów z indeksem polskim /

005 -DATA I CZAS OSTATNIEJ MODYFIKACJI [,]
    • @
    • pole kontrolne
    • 20080717135139.0
020 -Międzynarod. znormalizowany nr książki - ISBN [ , ]
    • a
    • Numer ISBN
    • 8372361843 Find
040 -Instytucja sporządzająca opis [ , ]
    • a
    • Instytucja, która sporządziła opis (NP)
    • SZCZ U/IJ
    • c
    • Instytucja, która sporządziła rekord (NP)
    • SZCZ U/IJ
    • d
    • Instytucja, która zmodyfikowała rekord (P)
    • SZCZ U/BB
041 -Język dokumentu [0, ]
    • a
    • Język tekstu (P)
    • angielski
    • a
    • Język tekstu (P)
    • polski
    • h
    • Język tekstu oryginalnego i/lub pośredniego (P)
    • angielski
942 -Rodzaj dokumentu [ , ]
    • c
    • Rodzaj dokumentu
    • Książka
245 -Strefa tytułu i oznaczenia odpowiedzialności [0,0]
    • a
    • Tytuł
    • Słownik angielskich idiomów i utartych zwrotów z indeksem polskim / Find
    • c
    • Pozostałe elementy strefy tytułu i oznaczenia odpowiedzialności (NP)
    • [tł. Zespół Wydawnictwa ; weryfikacja i red. Anna Moraczewska].
246 -Wariant tytułu [1, ]
    • a
    • Tytuł (NP)
    • Dictionary of idioms and catch phrases.
    • i
    • Tekst wyświetlany na ekranie monitora (NP)
    • Tyt. oryg.:
246 -Wariant tytułu [1,8]
    • a
    • Tytuł (NP)
    • Słownik angielskich idiomów z indeksem polskim
260 -Strefa adresu wydawniczego [ , ]
    • a
    • Miejsce wydania (P)
    • Warszawa :
    • b
    • Nazwa wydawcy (P)
    • Wydawnictwo Philip Wilson,
    • c
    • Data wydania (P)
    • cop.2005.
300 -Strefa opisu fizycznego [ , ]
    • a
    • Określenie formy książki i/lub objętość (NP)
    • 370 s. ;
    • c
    • Format (NP)
    • 22 cm.
500 -Uwaga ogólna [ , ]
    • a
    • Uwaga ogólna (NP)
    • Tyt. grzbiet.: Słownik angielskich idiomów z indeksem polskim.
504 -Uwaga dot. bibliogr. załącznikowej [ , ]
    • a
    • Uwaga dot. bibliografii załącznikowej
    • Ind.
080 -Uniwersalna Klasyfikacja Dziesiętna [ , ]
    • 2
    • Identyfikator wydania tablic
    • UDC-P058
    • a
    • Symbol klasyfikacji
    • 811.111'373.72
    • b
    • Dopowiedzenie
    • Język angielski' Idiomy. Wyrażenia idiomatyczne.
080 -Uniwersalna Klasyfikacja Dziesiętna [ , ]
    • 2
    • Identyfikator wydania tablic
    • UDC-P058
    • a
    • Symbol klasyfikacji
    • 811.111'374
    • b
    • Dopowiedzenie
    • Język angielski' Leksykografia. Słowniki: kompilacja i zawartość.
080 -Uniwersalna Klasyfikacja Dziesiętna [ , ]
    • 2
    • Identyfikator wydania tablic
    • UDC-P058
    • a
    • Symbol klasyfikacji
    • 811.162.1'373.72
    • b
    • Dopowiedzenie
    • Język polski' Idiomy. Wyrażenia idiomatyczne.
080 -Uniwersalna Klasyfikacja Dziesiętna [ , ]
    • 2
    • Identyfikator wydania tablic
    • UDC-P058
    • a
    • Symbol klasyfikacji
    • 811.162.1'374
    • b
    • Dopowiedzenie
    • Język polski' Leksykografia. Słowniki: kompilacja i zawartość.
980 -Symbol UKD [ , ]
    • a
    • UKD
    • 811.111::811.162.1]'373.72'374
700 -Hasło dodatkowe - nazwa osobowa [1, ]
    • a
    • Nazwa osobowa (NP)
    • Moraczewska, Anna. Find
    • e
    • Określenie rodzaju współpracy
    • Red.
920 -ISBN [ , ]
    • a
    • ISBN
    • 83-7236-184-3 Find
Sygnatura Numer inwentarzowy Status udost. Lokalizacja Data inwentaryzacji
T.10126T.10126-2T2008-07-08